Statistics for 1,000 World Cities furthest from Larger City by Proximity

Click here to take the quiz!

General Stats

  • This quiz has been taken 3,605 times
  • The average score is 796 of 1000

Answers on the Map

Answers color-coded by a green-red scale on the quiz's map according to % correct below.
 

Answer Stats

#LatLon Pop (k) Country D (km) City% Correct
1743.26-2.93 354 Spain 245 Bilbao
99%
1744.85-0.6 1,010 France 437 Bordeaux
99%
1142.33-71.07 7,350 United States 299 Boston
99%
1635.2-80.83 2,275 United States 361 Charlotte
99%
2139.16-84.46 2,725 United States 347 Cincinnati
99%
2042.33-83.08 5,700 United States 334 Detroit
99%
1646.49-80.99 157 Canada 254 Greater Sudbury
99%
1144.65-63.57 359 Canada 641 Halifax
99%
1345.5-73.58 4,100 Canada 405 Montréal
99%
1240.75-73.98 22,000 United States 3,360 New York
99%
1146.81-71.21 528 Canada 233 Quebec
99%
1743.7-79.42 7,100 Canada 541 Toronto
99%
1136.85-75.98 1,610 United States 244 Virginia Beach
99%
1438.9-77.01 8,350 United States 330 Washington
99%
1864.5440.54 356 Russia 729 Arkhangel'sk
98%
1833.83-84.4 5,500 United States 869 Atlanta
98%
1841.382.18 4,650 Spain 506 Barcelona
98%
16-19.92-43.92 4,925 Brazil 340 Belo Horizonte
98%
2052.5213.4 4,500 Germany 450 Berlin
98%
2121.2281.43 2,550 India 243 Bhilai
98%
19-15.78-47.92 3,825 Brazil 623 Brasília
98%
2253.2534.37 427 Russia 238 Bryansk
98%
1135.1129.01 4,275 South Korea 328 Busan
98%
1333.6-7.62 4,175 Morocco 831 Casablanca
98%
2341.83-87.75 9,800 United States 1,158 Chicago
98%
2146.7723.6 316 Romania 307 Cluj-Napoca
98%
1855.6812.56 1,610 Denmark 289 Copenhagen
98%
1738.92121.63 4,500 China 334 Dalian
98%
194837.83 1,470 Ukraine 250 Donetsk
98%
753.33-6.25 1,330 Ireland 221 Dublin
98%
2054.3518.65 461 Poland 244 Gdansk
98%
1543.54-5.66 277 Spain 222 Gijon
98%
1155.87-4.25 1,620 United Kingdom 284 Glasgow
98%
2052.4330.98 480 Belarus 222 Gomel
98%
12-18.85-41.95 250 Brazil 222 Governador Valadares
98%
2053.5510 2,750 Germany 255 Hamburg
98%
2060.1824.93 1,230 Finland 300 Helsinki
98%
1235.3325.14 137 Greece 320 Heraklion
98%
2456.8553.2 631 Russia 223 Izhevsk
98%
2023.1879.96 1,390 India 239 Jabalpur
98%
1826.9275.81 3,525 India 239 Jaipur
98%
1736.67117 3,950 China 273 Jinan
98%
1926.2973.02 1,320 India 286 Jodhpur
98%
2355.7549.13 1,220 Russia 292 Kazan
98%
195036.25 1,650 Ukraine 411 Kharkiv
98%
1950.4330.52 3,375 Ukraine 758 Kiev
98%
2458.649.66 457 Russia 287 Kirov
98%
1937.8832.48 1,210 Turkey 230 Konya
98%
2161.2646.65 59 Russia 226 Kotlas
98%
1562.8927.68 89 Finland 237 Kuopio
98%
1236.21-115.22 2,075 United States 365 Las Vegas
98%
1238.72-9.14 2,600 Portugal 504 Lisbon
98%
1451.5-0.12 14,400 United Kingdom 2,508 London
98%
18-23.31-51.16 471 Brazil 299 Londrina
98%
633.99-118.18 17,600 United States 2,479 Los Angeles
98%
1945.774.83 1,930 France 342 Lyon
98%
1640.4-3.68 6,250 Spain 1,054 Madrid
98%
2143.295.38 1,640 France 269 Marseille
98%
2245.479.21 5,150 Italy 643 Milan
98%
2353.927.57 1,960 Belarus 435 Minsk
98%
16-16.74-43.86 332 Brazil 336 Montes Claros
98%
2355.7537.62 16,900 Russia 4,177 Moscow
98%
2121.1779.09 3,025 India 422 Nagpur
98%
1832.05118.78 6,850 China 239 Nanjing
98%
1647.22-1.55 277 France 273 Nantes
98%
2356.3344 1,760 Russia 402 Nizhny Novgorod
98%
1835.71-0.62 1,340 Algeria 350 Oran
98%
734.75135.46 17,800 Japan 404 Osaka
98%
1648.872.33 11,200 France 341 Paris
98%
1961.7834.35 265 Russia 291 Petrozavodsk
98%
1241.15-8.62 1,190 Portugal 273 Porto
98%
1736.09120.33 5,700 China 436 Qingdao
98%
1040.59-122.39 89 United States 224 Redding
98%
2356.9524.11 742 Latvia 362 Riga
98%
11-22.93-43.23 12,700 Brazil 354 Rio de Janeiro
98%
1759.9430.32 5,450 Russia 635 Saint Petersburg
98%
1540.78-111.93 2,300 United States 601 Salt Lake City
98%
2253.250.15 1,320 Russia 527 Samara
98%
637.74-122.46 7,600 United States 567 San Francisco
98%
14-23.56-46.63 21,800 Brazil 7,423 São Paulo
98%
2551.5846.03 1,090 Russia 333 Saratov
98%
1537.57127 24,400 South Korea 870 Seoul
98%
1437.41-5.98 1,320 Spain 313 Seville
98%
2358.3745.52 29 Russia 225 Shar'ya
98%
2151.537.04 5,600 Germany 447 The Ruhr
98%
435.69139.75 39,500 Japan 2,903 Tokyo
98%
19-18.92-48.28 563 Brazil 254 Uberlandia
98%
1939.49-0.4 1,930 Spain 298 Valencia
98%
10-20.32-40.37 1,790 Brazil 373 Vitória
98%
2048.7144.5 1,410 Russia 500 Volgograd
98%
2051.7339.27 1,040 Russia 286 Voronezh
98%
2132.02112.13 1,560 China 258 Xiangyang
98%
1734.28117.18 2,550 China 266 Xuzhou
98%
2257.6339.87 606 Russia 250 Yaroslavl
98%
1741.66-0.88 674 Spain 244 Zaragoza
98%
1832.45-99.73 117 United States 228 Abilene
97%
616.86-99.89 652 Mexico 237 Acapulco
97%
1823.0372.58 7,450 India 445 Ahmedabad
97%
1936.2337.17 2,125 Syria 313 Aleppo
97%
1636.763.05 3,675 Algeria 518 Algiers
97%
2039.9332.86 4,675 Turkey 351 Ankara
97%
1630.9841.04 148 Saudi Arabia 332 'Ar'ar
97%
1637.9823.73 3,425 Greece 570 Athens
97%
1410.96-74.8 2,000 Colombia 344 Barranquilla
97%
1739.93116.39 21,100 China 958 Beijing
97%
1844.8220.47 1,400 Serbia 316 Belgrade
97%
1733.52-86.8 212 United States 225 Birmingham
97%
13-29.1226.21 463 South Africa 319 Bloemfontein
97%
107.13-73.13 1,130 Colombia 286 Bucaramanga
97%
2144.4326.1 2,200 Romania 439 Bucharest
97%
1947.519.08 2,575 Hungary 690 Budapest
97%
1321.38-77.92 347 Cuba 264 Camaguey
97%
9-35.28149.13 367 Australia 241 Canberra
97%
1221.17-86.85 542 Mexico 288 Cancun
97%
1830.7276.78 2,025 India 231 Chandigarh
97%
1743.87125.34 3,700 China 233 Changchun
97%
1731.69-106.49 1,440 Mexico 562 Ciudad Juárez
97%
11-31.5145.84 4 Australia 241 Cobar
97%
13-25.42-49.32 3,275 Brazil 342 Curitiba
97%
1733.536.3 3,475 Syria 612 Damascus
97%
9-33.0227.91 478 South Africa 239 East London
97%
1719.29-81.37 29 United Kingdom 313 George Town
97%
1123.52-75.79 7 Bahamas 232 George Town
97%
1757.7111.97 504 Sweden 228 Gothenburg
97%
920.67-103.33 4,975 Mexico 459 Guadalajara
97%
1323.13-82.36 2,225 Cuba 365 Havana
97%
1129.1-110.98 595 Mexico 479 Hermosillo
97%
1922.7275.87 2,775 India 338 Indore
97%
1441.129.01 14,300 Turkey 1,243 Istanbul
97%
1838.4427.15 2,950 Turkey 303 Izmir
97%
1932.3-90.18 173 United States 224 Jackson
97%
2039.11-94.6 1,920 United States 382 Kansas City
97%
1527.7285.32 2,775 Nepal 446 Kathmandu
97%
2150.2619.02 2,375 Poland 307 Katowice
97%
16-26.5818.13 15 Namibia 371 Keetmanshoop
97%
1418-76.79 937 Jamaica 475 Kingston
97%
1835.96-83.92 178 United States 230 Knoxville
97%
1726.8680.91 3,325 India 415 Lucknow
97%
1949.8424.02 717 Ukraine 294 Lviv
97%
1210.73-71.66 2,475 Venezuela 519 Maracaibo
97%
1646.54-87.4 21 United States 230 Marquette
97%
1935.12-90 1,150 United States 314 Memphis
97%
1231.3527.24 62 Egypt 258 Mersa Matruh
97%
719.44-99.13 22,100 Mexico 11,319 Mexico City
97%
1225.79-80.22 6,100 United States 1,484 Miami
97%
1525.67-100.33 4,650 Mexico 633 Monterrey
97%
2136.17-86.78 1,360 United States 338 Nashville
97%
1125.06-77.34 227 Bahamas 297 Nassau
97%
917.07-96.72 262 Mexico 241 Oaxaca
97%
2346.4930.71 1,110 Ukraine 391 Odessa
97%
1935.47-97.52 1,090 United States 300 Oklahoma City
97%
2141.26-95.94 408 United States 264 Omaha
97%
1959.9210.75 1,140 Norway 419 Oslo
97%
1725.6285.13 2,475 India 232 Patna
97%
1133.54-112.07 4,325 United States 568 Phoenix
97%
8-33.9725.6 1,210 South Africa 662 Port Elizabeth
97%
1850.0814.47 1,470 Czech Republic 251 Prague
97%
1633.673.04 3,850 Pakistan 242 Rawalpindi
97%
2038.64-90.24 2,350 United States 413 Saint Louis
97%
1422.4-79.97 250 Cuba 240 Santa Clara
97%
1020.02-75.82 555 Cuba 245 Santiago de Cuba
97%
1043.07141.34 2,500 Japan 831 Sapporo
97%
1346.52-84.33 74 Canada 256 Sault Ste. Marie
97%
538.29141.02 1,490 Japan 310 Sendai
97%
1931.22121.44 30,900 China 1,201 Shanghai
97%
1841.8123.45 7,650 China 560 Shenyang
97%
1932.53-93.75 199 United States 274 Shreveport
97%
1029.225.52 7 Egypt 286 Siwa Oasis
97%
1842.6823.32 1,330 Bulgaria 297 Sofia
97%
2137.22-93.3 159 United States 230 Springfield
97%
1959.3518.1 2,075 Sweden 691 Stockholm
97%
1627.7168.86 417 Pakistan 260 Sukkur
97%
1428.436.57 455 Saudi Arabia 395 Tabuk
97%
1530.44-84.28 181 United States 234 Tallahassee
97%
1627.95-82.46 4,025 United States 326 Tampa
97%
1022.28-97.87 309 Mexico 255 Tampico
97%
1548.38-89.25 99 Canada 439 Thunder Bay
97%
1248.47-81.33 42 Canada 221 Timmins
97%
932.0823.98 121 Libya 368 Tobruk
97%
1425.57-103.42 1,300 Mexico 310 Torreón
97%
1016.75-93.11 481 Mexico 363 Tuxtla Gutierrez
97%
16-28.4521.26 71 South Africa 344 Upington
97%
1248.1-77.78 31 Canada 235 Val-d'Or
97%
17-14.87-40.84 253 Brazil 327 Vitória da Conquista
97%
2252.2521 2,275 Poland 260 Warsaw
97%
1934.75113.67 4,675 China 441 Zhengzhou
97%
1222.3531.62 5 Egypt 233 Abu Sunbul
96%
1535.08-106.65 545 United States 366 Albuquerque
96%
2133.3444.39 6,850 Iraq 695 Baghdad
96%
15-38.72-62.27 276 Argentina 419 Bahia Blanca
96%
1212.9777.56 10,500 India 837 Bangalore
96%
1640.65109.82 2,150 China 387 Baotou
96%
1741.1116.86 277 Italy 221 Bari
96%
1031.62-2.22 143 Algeria 341 Bechar
96%
8-3.8102.27 309 Indonesia 285 Bengkulu
96%
124.6-74.08 9,350 Colombia 1,869 Bogotá
96%
1343.61-116.2 145 United States 459 Boise
96%
7-27.46153.04 2,900 Australia 738 Brisbane
96%
11-31.96141.46 18 Australia 255 Broken Hill
96%
1539.239.12 149 Italy 283 Cagliari
96%
1130.0531.25 16,800 Egypt 2,899 Cairo
96%
113.4-76.5 2,925 Colombia 299 Cali
96%
1928.2112.97 4,450 China 292 Changsha
96%
111176.95 2,450 India 227 Coimbatore
96%
17-31.4-64.18 1,620 Argentina 646 Córdoba
96%
2032.82-96.84 6,550 United States 1,282 Dallas
96%
1526.4350.1 2,375 Saudi Arabia 387 Dammam
96%
1628.6777.23 26,400 India 3,654 Delhi
96%
115.41100.33 1,550 Malaysia 275 George Town
96%
16-14.22-42.78 58 Brazil 221 Guanambi
96%
1529.82-95.34 6,200 United States 361 Houston
96%
1643.47-112.03 56 United States 249 Idaho Falls
96%
1932.751.7 2,750 Iran 330 Isfahan
96%
10-6.17106.83 28,100 Indonesia 3,319 Jakarta
96%
1022.63120.27 2,800 Taiwan 297 Kaohsiung
96%
1010.5772.64 10 India 326 Kavaratti
96%
116.13102.24 1,459 Malaysia 225 Kota Bharu
96%
111.55110.33 570 Malaysia 702 Kuching
96%
1929.3747.98 4,150 Kuwait 537 Kuwait City
96%
1831.5674.35 10,200 Pakistan 423 Lahore
96%
1434.1777.58 37 India 229 Leh
96%
1160.15-1.15 22 United Kingdom 339 Lerwick
96%
1933.58-101.86 229 United States 433 Lubbock
96%
1325.732.64 422 Egypt 473 Luxor
96%
116.28-75.58 3,800 Colombia 248 Medellín
96%
8-37.82144.98 4,400 Australia 708 Melbourne
96%
10-34.19142.16 30 Australia 327 Mildura
96%
2028.68115.88 3,675 China 262 Nanchang
96%
1540.8414.25 4,250 Italy 657 Naples
96%
15-38.95-68.06 242 Argentina 503 Neuquen
96%
1630-90.04 1,010 United States 512 New Orleans
96%
9-2.98104.75 1,690 Indonesia 421 Palembang
96%
1538.1313.34 648 Italy 310 Palermo
96%
118.97-79.53 1,460 Panama 511 Panama City
96%
110.56101.43 1,180 Indonesia 282 Pekanbaru
96%
11-30.05-51.2 4,075 Brazil 844 Porto Alegre
96%
1324.6446.77 6,700 Saudi Arabia 991 Riyadh
96%
9-26.57148.79 5 Australia 255 Roma
96%
16-32.95-60.67 1,340 Argentina 278 Rosario
96%
1633.39-104.52 48 United States 242 Roswell
96%
1212.58-81.7 58 Colombia 321 San Andres
96%
1629.49-98.51 2,050 United States 308 San Antonio
96%
17-33.3-66.34 183 Argentina 236 San Luis
96%
12-29.68-53.81 249 Brazil 251 Santa Maria
96%
15-36.62-64.28 111 Argentina 293 Santa Rosa
96%
1829.6352.57 1,710 Iran 350 Shiraz
96%
91.29103.86 6,900 Singapore 316 Singapore
96%
1843.55-96.7 153 United States 262 Sioux Falls
96%
7-33.92151.19 4,900 Australia 5,380 Sydney
96%
1225.04121.57 9,050 Taiwan 358 Taipei
96%
1637.88112.55 4,200 China 360 Taiyuan
96%
1336.810.18 2,500 Tunisia 570 Tunis
96%
1628.02120.65 5,900 China 251 Wenzhou
96%
1930.58114.27 8,000 China 567 Wuhan
96%
1324.45118.08 10,000 China 505 Xiamen
96%
1734.28108.89 6,650 China 565 Xi'an
96%
2045.8115.98 800 Croatia 266 Zagreb
96%
179.087.53 2,825 Nigeria 340 Abuja
95%
17-16.4-71.54 841 Peru 361 Arequipa
95%
1613.75100.52 16,900 Thailand 1,533 Bangkok
95%
1746.68113.28 15 Mongolia 316 Baruun-Urt
95%
1313.1103.2 150 Cambodia 238 Battambang
95%
1414.04-83.39 33 Nicaragua 227 Bilwi
95%
18-20.44-54.65 729 Brazil 619 Campo Grande
95%
8-33.9218.43 4,125 South Africa 1,261 Cape Town
95%
1428.64-106.09 809 Mexico 340 Chihuahua
95%
16-13.52-71.97 312 Peru 321 Cusco
95%
1116.07108.22 752 Vietnam 493 Da Nang
95%
8-29.8730.98 3,225 South Africa 501 Durban
95%
8-33.9622.46 174 South Africa 272 George
95%
1237.1179.94 114 China 395 Hotan
95%
1415.3675.13 1,050 India 372 Hubli
95%
1517.478.48 9,000 India 500 Hyderabad
95%
12-14.07-75.73 246 Peru 228 Ica
95%
2234.3847.06 766 Iran 271 Kahriz
95%
1224.8766.99 24,300 Pakistan 1,101 Karachi
95%
166.443.39 17,100 Nigeria 6,366 Lagos
95%
140.399.45 578 Gabon 405 Libreville
95%
1844.98-93.25 3,050 United States 566 Minneapolis
95%
1746.87-113.99 66 United States 261 Missoula
95%
2036.3543.15 1,470 Iraq 340 Mosul
95%
1519.0272.86 23,200 India 887 Mumbai
95%
1519.7596.13 925 Myanmar 246 Naypyidaw
95%
1465.0125.47 128 Finland 400 Oulu
95%
154.817.01 2,075 Nigeria 310 Port Harcourt
95%
945.52-122.68 2,275 United States 229 Portland
95%
17-27.37-55.9 312 Argentina 242 Posadas
95%
19-27.46-58.98 387 Argentina 274 Resistencia
95%
1544.88110.12 19 Mongolia 417 Saynshand
95%
2244.5933.52 379 Ukraine 289 Sevastopol
95%
1517.6775.9 1,030 India 236 Sholapur
95%
12-29.6617.89 10 South Africa 229 Springbok
95%
946.14-60.18 105 Canada 312 Sydney
95%
1933.656.92 49 Iran 228 Tabas
95%
2038.0946.3 1,620 Iran 400 Tabriz
95%
15-18.01-70.25 280 Peru 224 Tacna
95%
21-12.73-69.18 38 Peru 314 Tambopata
95%
1935.6751.42 13,700 Iran 1,913 Tehran
95%
9-8.12-79.03 747 Peru 483 Trujillo
95%
1663.8320.26 74 Sweden 272 Umea
95%
1416.5280.63 1,760 India 248 Vijayawada
95%
1643.97116.03 120 China 303 Xilin Hot
95%
1831.954.37 477 Iran 266 Yazd
95%
2040.1844.51 1,480 Armenia 279 Yerevan
95%
1438.47106.27 1,530 China 346 Yinchuan
95%
115.32-4.04 5,050 Côte d'Ivoire 832 Abidjan
94%
125.55-0.22 4,575 Ghana 411 Accra
94%
1840.449.86 2,450 Azerbaijan 541 Baku
94%
11-3.32114.59 572 Indonesia 344 Banjarmasin
94%
13-19.8434.84 530 Mozambique 449 Beira
94%
1932.8759.22 196 Iran 321 Birjand
94%
1911.18-4.3 360 Burkina Faso 328 Bobo-Dioulasso
94%
1267.2814.41 34 Norway 323 Bodo
94%
137.69-5.03 567 Côte d'Ivoire 275 Bouake
94%
17-20.1528.58 699 Zimbabwe 365 Bulawayo
94%
1551.08-114.08 1,420 Canada 675 Calgary
94%
1218.51-88.3 134 Mexico 276 Chetumal
94%
15-31.39-58.02 145 Argentina 240 Concordia
94%
10-29.95-71.34 161 Chile 320 Coquimbo
94%
15-7.63-72.67 79 Brazil 223 Cruzeiro do Sul
94%
9-8.65115.22 1,500 Indonesia 313 Denpasar
94%
169.711.67 237 Benin 277 Djougou
94%
18-6.66-69.87 17 Brazil 268 Eirunepe
94%
18-24.6525.91 208 Botswana 245 Gaborone
94%
1721.03105.85 2,950 Vietnam 322 Hanoi
94%
17-17.8231.04 2,325 Zimbabwe 975 Harare
94%
13-9.93-76.24 147 Peru 248 Huanuco
94%
18-11.3-41.86 63 Brazil 257 Irece
94%
824.34124.16 44 Japan 247 Ishigaki
94%
16-17.88-51.71 76 Brazil 266 Jatai
94%
15-26.1728.03 13,400 South Africa 4,483 Johannesburg
94%
1930.2857.08 577 Iran 441 Kerman
94%
2245.0438.98 649 Russia 249 Krasnodar
94%
10-12.05-77.05 9,950 Peru 3,130 Lima
94%
18-17.8425.85 109 Zambia 373 Livingstone
94%
1012.15-86.27 1,340 Nicaragua 342 Managua
94%
9-25.9632.59 2,200 Mozambique 456 Maputo
94%
19-19.9823.42 49 Botswana 349 Maun
94%
131.2-70.17 5 Colombia 314 Mitu
94%
213.5239.05 34 Kenya 225 Moyale
94%
1412.4498.6 173 Myanmar 251 Myeik
94%
826.21127.67 1,190 Japan 626 Naha
94%
728.37129.48 41 Japan 247 Naze
94%
1613.522.12 1,120 Niger 414 Niamey
94%
1712.37-1.52 2,100 Burkina Faso 628 Ouagadougou
94%
1453.92-122.75 65 Canada 397 Prince George
94%
15-8.38-74.55 310 Peru 413 Pucallpa
94%
7-0.21-78.5 2,550 Ecuador 272 Quito
94%
2041.2936.33 394 Turkey 292 Samsun
94%
16-26.82-65.22 781 Argentina 517 San Miguel de Tucuman
94%
12-33.45-70.67 7,050 Chile 1,139 Santiago
94%
918.47-69.9 3,650 Dominican Republic 938 Santo Domingo
94%
110.346.73 53 São Tomé and Príncipe 256 Sao Tome
94%
1147.57-122.34 4,075 United States 1,092 Seattle
94%
9-6.97110.42 2,050 Indonesia 259 Semarang
94%
1447.66-117.43 208 United States 368 Spokane
94%
8-7.25112.75 4,700 Indonesia 573 Surabaya
94%
149.1499.33 127 Thailand 267 Surat Thani
94%
169.4-0.84 360 Ghana 312 Tamale
94%
1335.48.12 634 Algeria 231 Tebessa
94%
1463.4310.4 147 Norway 392 Trondheim
94%
1515.24104.85 122 Thailand 233 Ubon Ratchathani
94%
1817.42102.79 247 Thailand 462 Udon Thani
94%
191.7540.06 45 Kenya 247 Wajir
94%
1316.7896.17 5,150 Myanmar 575 Yangon
94%
1362.476.15 44 Norway 235 Alesund
93%
19-3.3736.68 341 Tanzania 230 Arusha
93%
1360.395.32 213 Norway 305 Bergen
93%
1520.2785.83 1,730 India 357 Bhubaneswar
93%
13-34.6-58.4 15,800 Argentina 1,674 Buenos Aires
93%
1341.8129.78 327 North Korea 225 Chongjin
93%
1829.56106.59 7,050 China 272 Chongqing
93%
10-27.37-70.33 129 Chile 295 Copiapo
93%
748.95-57.95 18 Canada 341 Corner Brook
93%
1839.74-104.98 3,525 United States 934 Denver
93%
17-6.1735.74 180 Tanzania 224 Dodoma
93%
154.069.71 2,825 Cameroon 605 Douala
93%
1625.2355.28 3,925 United Arab Emirates 855 Dubai
93%
1653.55-113.5 1,270 Canada 277 Edmonton
93%
1846.88-96.79 105 United States 335 Fargo
93%
1827.94109.6 370 China 237 Fenghuang
93%
6-10.42105.68 - Australia 391 Flying Fish Cove
93%
15-0.4539.65 67 Kenya 293 Garissa
93%
20-21.5721.78 9 Botswana 244 Ghanzi
93%
1455.17-118.8 41 Canada 291 Grande Prairie
93%
1439.06-108.55 58 United States 296 Grand Junction
93%
1623.14113.33 47,700 China --- Guangzhou
93%
7-2.22-79.92 3,000 Ecuador 994 Guayaquil
93%
753.32-60.33 7 Canada 442 Happy Valley-Goose Bay
93%
1010.78106.7 8,250 Vietnam 748 Ho Chi Minh City
93%
14-3.75-73.25 437 Peru 702 Iquitos
93%
12-0.3642.55 234 Somalia 408 Kismayo
93%
852.95-66.91 10 Canada 307 Labrador City
93%
11-38-57.56 553 Argentina 343 Mar del Plata
93%
1736.2759.57 3,075 Iran 737 Mashhad
93%
18-8.933.45 291 Tanzania 561 Mbeya
93%
920.97-89.62 1,070 Mexico 627 Mérida
93%
16-4.0439.69 1,120 Kenya 308 Mombasa
93%
21-2.5232.9 436 Tanzania 315 Mwanza
93%
1725.3997.39 90 Myanmar 273 Myitkyina
93%
17-1.2836.82 5,200 Kenya 667 Nairobi
93%
125.66-67.62 52 Venezuela 246 Puerto Ayacucho
93%
10-41.47-72.94 160 Chile 304 Puerto Montt
93%
751.23-58.65 3 Canada 245 Saint-Augustin
93%
79.94-84.08 1,840 Costa Rica 871 San José
93%
618.44-66.13 2,150 United States 398 San Juan
93%
21-7.9731.62 89 Tanzania 226 Sumbawanga
93%
20-5.0232.83 145 Tanzania 276 Tabora
93%
11-36.72-73.12 252 Chile 415 Talcahuano
93%
12-38.74-72.6 238 Chile 228 Temuco
93%
1062.01-6.77 13 Denmark 366 Torshavn
93%
1843.11131.87 587 Russia 245 Vladivostok
93%
2029.560.86 551 Iran 375 Zahedan
93%
199.0338.7 3,475 Ethiopia 987 Addis Ababa
92%
9-34.93138.6 1,300 Australia 655 Adelaide
92%
2-36.85174.76 1,470 New Zealand 2,161 Auckland
92%
2111.5937.39 168 Ethiopia 309 Bahir Dar
92%
1727.1956.28 352 Iran 222 Bandar 'Abbas
92%
1745.78-108.5 104 United States 593 Billings
92%
713.1-59.62 98 Barbados 339 Bridgetown
92%
1010.5-66.92 3,700 Venezuela 1,025 Caracas
92%
810.32123.9 2,275 Philippines 570 Cebu
92%
1418.7998.98 200 Thailand 292 Chiang Mai
92%
4-43.53172.63 363 New Zealand 305 Christchurch
92%
18-6.839.27 5,300 Tanzania 2,453 Dar es Salaam
92%
127.11125.63 1,340 Philippines 402 Davao
92%
1423.7290.41 17,600 Bangladesh 1,425 Dhaka
92%
1549.78-92.75 8 Canada 251 Dryden
92%
1726.58106.72 2,875 China 331 Guiyang
92%
202.7732.3 146 Uganda 243 Gulu
92%
1326.1691.77 1,060 India 302 Guwahati
92%
1627.5241.69 267 Saudi Arabia 262 Hayil
92%
2134.3562.2 272 Afghanistan 320 Herat
92%
18-2421.78 4 Botswana 237 Hukuntsi
92%
1422.7986.2 1,540 India 221 Jamshedpur
92%
1421.99100.73 62 China 248 Jinghong
92%
204.8531.58 300 South Sudan 513 Juba
92%
15128.52 4,125 Nigeria 833 Kano
92%
1622.4988.32 16,000 India 253 Kolkata
92%
103.17101.7 7,000 Malaysia 1,006 Kuala Lumpur
92%
513.14123.73 179 Philippines 245 Legaspi
92%
1129.6591.1 118 China 353 Lhasa
92%
2042.9847.5 497 Russia 262 Makhachkala
92%
614.6120.98 23,300 Philippines 1,242 Manila
92%
1637.5961.83 114 Turkmenistan 224 Mary
92%
103.5898.65 3,425 Indonesia 342 Medan
92%
89.74118.74 222 Philippines 432 Puerto Princesa
92%
647.56-52.71 99 Canada 591 Saint John's
92%
646.78-56.18 6 France 238 Saint-Pierre
92%
1426.7188.43 515 India 259 Shiliguri
92%
1413.065.24 563 Nigeria 342 Sokoto
92%
954.52-128.6 19 Canada 387 Terrace
92%
1232.8913.18 1,110 Libya 513 Tripoli
92%
13-40.81-63 48 Argentina 229 Viedma
92%
1517.7383.3 1,980 India 433 Vishakhapatnam
92%
4-41.29174.78 381 New Zealand 490 Wellington
92%
126.91122.07 457 Philippines 263 Zamboanga
92%
1743.6551.17 147 Kazakhstan 306 Aktau
91%
1915.3438.93 563 Eritrea 436 Asmara
91%
1739.5154.37 87 Turkmenistan 260 Balkanabat
91%
1010.13-64.7 424 Venezuela 241 Barcelona
91%
1326.3343.97 391 Saudi Arabia 330 Buraydah
91%
15-25.51-54.61 320 Paraguay 305 Ciudad del Este
91%
88.35-62.64 746 Venezuela 522 Ciudad Guayana
91%
1911.1339.63 136 Ethiopia 250 Dese
91%
199.5941.87 252 Ethiopia 241 Dire Dawa
91%
1837.9240.22 644 Turkey 267 Diyarbakir
91%
2139.9141.28 420 Turkey 239 Erzurum
91%
614.61-61.07 89 France 229 Fort-de-France
91%
1230.139.5 7 Libya 238 Ghadamis
91%
169.5644.07 477 Somalia 245 Hargeisa
91%
1621.5239.22 4,225 Saudi Arabia 847 Jeddah
91%
2015.4536.4 401 Sudan 272 Kassala
91%
1644.58129.6 665 China 256 Mudanjiang
91%
1622.82108.32 3,200 China 514 Nanning
91%
1118.54-72.34 2,850 Haiti 257 Port-au-Prince
91%
1823.36104.25 450 China 242 Wenshan City
91%
2011.7934.36 186 Sudan 238 Ad-Damazin
90%
98.43-82.43 82 Panama 246 David
90%
16-1.6313.58 42 Gabon 286 Franceville
90%
1320.05110.32 1,800 China 370 Haikou
90%
1645.75126.65 5,150 China 508 Harbin
90%
1627.260.68 131 Iran 254 Iranshahr
90%
200.3232.58 3,025 Uganda 503 Kampala
90%
20-1.9530.06 1,000 Rwanda 376 Kigali
90%
10-26.6515.16 15 Namibia 296 Luderitz
90%
1421.9796.09 1,400 Myanmar 443 Mandalay
90%
1223.6158.59 1,180 Oman 380 Muscat
90%
712.25109.19 283 Vietnam 296 Nha Trang
90%
1644.08-103.23 67 United States 417 Rapid City
90%
1215.5-88.03 1,110 Honduras 234 San Pedro Sula
90%
1130.44-9.62 1,090 Morocco 398 Agadir
89%
4-35117.87 33 Australia 276 Albany
89%
16-7.53-46.04 68 Brazil 242 Balsas
89%
19-12.15-44.99 158 Brazil 425 Barreiras
89%
1132.1120.07 650 Libya 652 Benghazi
89%
180.1429.29 154 Democratic Republic of the Congo 246 Butembo
89%
4-24.88113.66 7 Australia 442 Carnarvon
89%
4-33.86121.88 7 Australia 347 Esperance
89%
732.63-16.9 100 Portugal 463 Funchal
89%
208.2534.58 42 Ethiopia 256 Gambela
89%
6-28.78114.61 26 Australia 371 Geraldton
89%
5-30.75121.47 31 Australia 542 Kalgoorlie
89%
15-1.8711.06 22 Gabon 242 Mouila
89%
5-31.96115.84 2,075 Australia 2,729 Perth
89%
13-4.7811.86 659 Republic of the Congo 383 Pointe-Noire
89%
2030.2267.02 1,180 Pakistan 426 Quetta
89%
17-24.79-65.41 512 Argentina 226 Salta
89%
1515.3544.21 2,475 Yemen 861 Sana'a
89%
12-0.13-67.09 15 Brazil 285 Sao Gabriel da Cachoeira
89%
17-21.54-64.73 159 Bolivia 282 Tarija
89%
1129.260.23 49 Algeria 351 Timimoun
89%
142663.04 75 Pakistan 269 Turbat
89%
21-3.3217.38 118 Democratic Republic of the Congo 248 Bandundu
88%
134.7445.2 55 Somalia 248 Beledweyne
88%
1646.81-100.78 61 United States 304 Bismarck
88%
1211.86-15.6 388 Guinea-Bissau 331 Bissau
88%
66.9379.86 4,675 Sri Lanka 682 Colombo
88%
824.81-107.4 582 Mexico 409 Culiacan
88%
1635.3440.14 242 Syria 236 Deir ez-Zor
88%
1611.5943.15 623 Djibouti 432 Djibouti
88%
146.7747.43 61 Somalia 369 Gaalkacyo
88%
1014.62-90.53 3,000 Guatemala 1,059 Guatemala City
88%
20-10.89-61.95 107 Brazil 317 Ji Parana
88%
1814.45-11.44 78 Mali 251 Kayes
88%
1618.342.73 387 Saudi Arabia 361 Khamis Mushait
88%
1828.5865.42 30 Pakistan 235 Kharan
88%
1815.5932.53 5,550 Sudan 1,606 Khartoum
88%
17-4.3315.31 10,600 Democratic Republic of the Congo 1,781 Kinshasa
88%
1813.1632.66 345 Sudan 264 Kosti
88%
23-11.7819.92 21 Angola 240 Luena
88%
199.5331.66 160 South Sudan 386 Malakal
88%
8-1.45.63 4 Equatorial Guinea 227 Pale
88%
19-10.17-48.33 196 Brazil 521 Palmas
88%
21-8.76-63.9 306 Brazil 759 Porto Velho
88%
1442.87-106.31 55 United States 228 Casper
87%
20-17.41-66.17 1,200 Bolivia 233 Cochabamba
87%
129.53-13.68 2,225 Guinea 706 Conakry
87%
1638.5468.78 679 Tajikistan 305 Dushanbe
87%
2-42.88147.33 216 Australia 582 Hobart
87%
16-12.7815.74 226 Angola 395 Huambo
87%
15-20.22-70.14 227 Chile 244 Iquique
87%
18-6.4816.82 20 Democratic Republic of the Congo 230 Kasongo-Lunda
87%
1816.62-11.4 40 Mauritania 230 Kiffa
87%
20-5.0418.82 186 Democratic Republic of the Congo 267 Kikwit
87%
18-16.5-68.15 1,890 Bolivia 1,078 La Paz
87%
624.14-110.31 171 Mexico 225 La Paz
87%
14-12.3613.54 207 Angola 243 Lobito
87%
13-8.8413.23 6,800 Angola 549 Luanda
87%
611.6792.75 112 India 604 Port Blair
87%
21-11.01-66.06 74 Bolivia 222 Riberalta
87%
23-9.97-67.81 257 Brazil 449 Rio Branco
87%
22-17.75-63.23 1,860 Bolivia 542 Santa Cruz
87%
19-9.6620.39 40 Angola 361 Saurimo
87%
1413.77-13.67 78 Senegal 267 Tambacounda
87%
19-14.83-64.9 84 Bolivia 313 Trinidad
87%
12-23.65-70.4 309 Chile 521 Antofagasta
86%
1320.4645.58 24 Saudi Arabia 314 As Sulayyil
86%
14-15.89-52.26 52 Brazil 227 Barra do Garcas
86%
184.2615.79 61 Central African Republic 236 Berberati
86%
132.82-60.67 235 Brazil 649 Boa Vista
86%
1213.0980.28 10,000 India 295 Chennai
86%
1114.72-17.47 3,300 Senegal 1,800 Dakar
86%
1834.5269.18 3,725 Afghanistan 370 Kabul
86%
1416.15-13.5 55 Mauritania 263 Kaedi
86%
19-10.2131.18 91 Zambia 288 Kasama
86%
1439.4575.98 274 China 343 Kashi
86%
17-13.9833.78 1,070 Malawi 515 Lilongwe
86%
1836.7167.11 303 Afghanistan 250 Mazar-e Sharif
86%
12-11.743.26 42 Comoros 245 Moroni
86%
1338.1773.97 10 Tajikistan 225 Murghob
86%
17-11.4734.02 175 Malawi 277 Mzuzu
86%
14-15.1239.27 388 Mozambique 462 Nampula
86%
1418.09-15.98 1,060 Mauritania 405 Nouakchott
86%
18-15.23-59.34 29 Brazil 232 Pontes e Lacerda
86%
8-34.73135.87 13 Australia 244 Port Lincoln
86%
1819.6237.22 489 Sudan 296 Port Sudan
86%
17-12.74-60.15 63 Brazil 284 Vilhena
86%
1161.22-149.9 291 United States 2,134 Anchorage
85%
964.06-139.43 1 Canada 284 Dawson City
85%
119.73-155.09 43 United States 337 Hilo
85%
121.31-157.86 1,000 United States 3,852 Honolulu
85%
9-12.7845.23 54 France 345 Mamoudzou
85%
200.0518.26 184 Democratic Republic of the Congo 477 Mbandaka
85%
1324.539.58 1,340 Saudi Arabia 332 Medina
85%
514.93-23.51 113 Cape Verde 650 Praia
85%
960.72-135.05 23 Canada 271 Whitehorse
85%
858.3-134.42 31 United States 872 Juneau
84%
20-6.1523.6 1,860 Democratic Republic of the Congo 745 Mbuji-Mayi
84%
2145.0441.97 363 Russia 236 Stavropol'
84%
1641.3169.29 2,650 Uzbekistan 754 Tashkent
84%
1520.52-13.05 24 Mauritania 251 Atar
83%
18-0.2820.88 32 Democratic Republic of the Congo 278 Boende
83%
15-15.6-56.1 521 Brazil 557 Cuiaba
83%
2-45.87170.5 114 New Zealand 310 Dunedin
83%
1626.87100.22 1,137 China 316 Lijiang
83%
19-3.5223.6 68 Democratic Republic of the Congo 265 Lodja
83%
416.89-24.98 70 Cape Verde 267 Mindelo
83%
1320.93-17.03 72 Mauritania 324 Nouadhibou
83%
1750.45-104.62 176 Canada 232 Regina
83%
765.61-37.64 1 Denmark 662 Tasiilaq
83%
1717.733.99 107 Sudan 278 Atbara
82%
927.16-13.2 196 Morocco 241 El Aaiún
82%
1364.84-147.72 31 United States 418 Fairbanks
82%
1261.53-166.1 1 United States 247 Hooper Bay
82%
1166.9-162.6 3 United States 296 Kotzebue
82%
76.6273.07 9 Maldives 274 Kulhudhuffushi
82%
1625.07102.68 3,950 China 630 Kunming
82%
1851.7194.45 108 Russia 302 Kyzyl
82%
928.1-15.41 381 Spain 619 Las Palmas de Gran Canaria
82%
16-10.2740.18 96 Tanzania 301 Mtwara
82%
1164.5-165.41 3 United States 453 Nome
82%
94.75-6.64 196 Côte d'Ivoire 236 San-Pedro
82%
1652.12-106.63 198 Canada 487 Saskatoon
82%
16-11.86-55.5 116 Brazil 417 Sinop
82%
1153.83-101.25 6 Canada 301 The Pas
82%
1747.7496.84 16 Mongolia 272 Uliastay
82%
465.68-18.09 17 Iceland 249 Akureyri
81%
1912.65-8 2,950 Mali 920 Bamako
81%
85.5695.32 250 Indonesia 429 Banda Aceh
81%
194.5813.68 218 Cameroon 253 Bertoua
81%
1060.79-161.76 6 United States 573 Bethel
81%
1059.04-158.46 2 United States 268 Dillingham
81%
1710.39-9.31 114 Guinea 288 Kankan
81%
857.79-152.41 6 United States 299 Kodiak
81%
1618.5531.85 19 Sudan 232 Kuraymah
81%
470.92-8.72 - Norway 647 Olonkinbyen
81%
464.14-21.9 118 Iceland 1,325 Reykjavik
81%
1027.67-8.15 45 Algeria 237 Tindouf
81%
113.8547.18 26 Somalia 220 Ceeldheer
80%
1530.67104.07 9,600 China 1,240 Chengdu
80%
1019.9656.28 1 Oman 297 Hayma'
80%
12-14.9213.49 102 Angola 259 Lubango
80%
18-14.6617.69 32 Angola 264 Menongue
80%
1849.63100.16 27 Mongolia 292 Mörön
80%
817.0254.09 163 Oman 598 Salalah
80%
2056.13101.61 256 Russia 461 Bratsk
79%
74.93-52.33 61 France 330 Cayenne
79%
1713.1830.22 393 Sudan 361 El Obeid
79%
1549.03104.08 79 Mongolia 241 Erdenet
79%
76.8-58.16 235 Guyana 521 Georgetown
79%
1644.67102.17 27 Mongolia 506 Hovd
79%
1952.3104.3 586 Russia 522 Irkutsk
79%
54.1773.51 103 Maldives 609 Male
79%
16-7.08-41.47 57 Brazil 227 Picos
79%
15-2.44-54.71 189 Brazil 489 Santarem
79%
22-18.3721.84 5 Botswana 224 Shakawe
79%
14-5.1-42.78 1,010 Brazil 329 Teresina
79%
1747.92106.92 1,300 Mongolia 839 Ulaanbaatar
79%
1751.83107.61 360 Russia 232 Ulan-Ude
79%
2056.79105.77 48 Russia 230 Ust'-Kut
79%
1847.1251.88 180 Kazakhstan 305 Atyrau
78%
1952.03113.5 308 Russia 405 Chita
78%
1911.4626.13 264 Sudan 484 El Daein
78%
1256.73-111.38 76 Canada 377 Fort McMurray
78%
15-7.21-39.32 225 Brazil 379 Juazeiro do Norte
78%
1811.0229.72 87 Sudan 232 Kadugli
78%
1749.8373.17 451 Kazakhstan 574 Karagandy
78%
1445.76106.27 15 Mongolia 222 Mandalgovi
78%
102.0745.37 1,720 Somalia 1,021 Mogadishu
78%
106.31-10.8 1,340 Liberia 359 Monrovia
78%
16-9.4-40.5 194 Brazil 274 Petrolina
78%
13-17.8836.89 188 Mozambique 306 Quelimane
78%
14-12.97-38.48 3,650 Brazil 667 Salvador
78%
655.34-160.5 - United States 364 Sand Point
78%
1655.64109.32 25 Russia 255 Severobaikalsk
78%
17-25.3-57.64 2,200 Paraguay 825 Asunción
77%
1258.52-117.14 3 Canada 252 High Level
77%
9-5.78-35.24 1,370 Brazil 256 Natal
77%
10-8.08-34.92 3,775 Brazil 1,630 Recife
77%
1643.3276.92 1,770 Kazakhstan 666 Almaty
76%
1946.3548.04 502 Russia 374 Astrakhan'
76%
14-15.7835.01 584 Malawi 239 Blantyre
76%
1258.81-122.7 4 Canada 305 Fort Nelson
76%
159.313.4 436 Cameroon 282 Garoua
76%
1749.2119.7 211 China 366 Hailar
76%
10-10.17123.61 282 Indonesia 722 Kupang
76%
20-11.6827.48 1,870 Democratic Republic of the Congo 422 Lubumbashi
76%
20-15.4228.28 2,275 Zambia 396 Lusaka
76%
8-16.1749.77 41 Madagascar 222 Mananara
76%
178.5716.08 135 Chad 296 Moundou
76%
1812.1115.05 1,210 Chad 710 N'Djamena
76%
1542.4559.61 230 Uzbekistan 502 Nukus
76%
2251.7755.1 550 Russia 335 Orenburg
76%
21-17.9319.77 58 Namibia 583 Rundu
76%
1216.977.99 124 Niger 366 Agadez
75%
1214.5449.12 258 Yemen 483 Al Mukalla
75%
1846.8575 81 Kazakhstan 305 Balkhash
75%
1111.2849.18 74 Somalia 360 Bosaso
75%
192.7924.73 50 Democratic Republic of the Congo 256 Buta
75%
9-8.56125.57 150 East Timor 280 Dili
75%
1613.6325.35 252 Sudan 254 El Fasher
75%
1412.8711.05 125 Nigeria 246 Gashua
75%
190.5225.19 539 Democratic Republic of the Congo 606 Kisangani
75%
10-20.2944.32 36 Madagascar 282 Morondava
75%
2251.2351.37 200 Kazakhstan 233 Oral
75%
75.87-55.17 223 Suriname 346 Paramaribo
75%
1548.0170.79 13 Kazakhstan 227 Qarazhal
75%
5-20.8855.45 137 France 228 Saint-Denis
75%
2-43.95-176.56 - New Zealand 684 Waitangi
75%
1449.88-97.15 632 Canada 619 Winnipeg
75%
1141.1180.27 340 China 364 Yingbazha
75%
1647.7867.77 104 Kazakhstan 369 Zhezqazghan
75%
12-3.2-52.21 70 Brazil 288 Altamira
74%
10-18.9247.52 2,225 Madagascar 1,610 Antananarivo
74%
5-12.2849.29 82 Madagascar 497 Antsiranana
74%
2250.2857.21 262 Kazakhstan 222 Aqtobe
74%
10-3.75-38.58 3,575 Brazil 627 Fortaleza
74%
18-23.9-61.85 10 Argentina 241 Ingeniero Guillermo N. Juarez
74%
2353.2163.62 210 Kazakhstan 258 Kostanay
74%
6-21.15149.17 74 Australia 323 Mackay
74%
2053.4259.05 413 Russia 247 Magnitogorsk
74%
9-15.7246.32 154 Madagascar 376 Mahajanga
74%
18-15.2523.13 52 Zambia 408 Mongu
74%
2354.8769.14 200 Kazakhstan 251 Petropavlov
74%
6-23.38150.51 61 Australia 249 Rockhampton
74%
927.0414.43 130 Libya 595 Sabha
74%
14-6.64-52 16 Brazil 339 Sao Felix do Xingu
74%
13-5.62132.79 39 Indonesia 391 Tual
74%
1029.1616.14 27 Libya 231 Waddan
74%
2456.8560.6 1,600 Russia 1,018 Yekaterinburg
74%
3-25.1846.09 66 Madagascar 318 Ambovombe
73%
1647.9680.43 33 Kazakhstan 274 Ayagoz
73%
8-12.46130.84 129 Australia 720 Darwin
73%
15-4.28-55.98 64 Brazil 247 Itaituba
73%
7-14.47132.26 5 Australia 259 Katherine
73%
8-15.78128.74 5 Australia 405 Kununurra
73%
1136.06103.79 2,850 China 505 Lanzhou
73%
245856.25 1,100 Russia 290 Perm
73%
6-23.3543.67 115 Madagascar 409 Toliara
73%
2454.7956.04 1,120 Russia 348 Ufa
73%
1849.9782.61 319 Kazakhstan 385 Ust-Kamenogorsk
73%
1218.9-3.53 4 Mali 242 Araouane
72%
19-9.17-60.63 26 Brazil 238 Aripuana
72%
1516.27-0.04 87 Mali 383 Gao
72%
1024.9610.17 24 Libya 317 Ghat
72%
1847.35130.3 743 China 331 Hegang
72%
182.7727.62 127 Democratic Republic of the Congo 345 Isiro
72%
1748.48135.08 579 Russia 359 Khabarovsk
72%
1444.8565.51 300 Kazakhstan 435 Kyzylorda
72%
1614.48-4.18 108 Mali 366 Mopti
72%
2161.6850.81 230 Russia 349 Syktyvkar
72%
1616.77-3.01 32 Mali 282 Timbuktu
72%
12-10.32150.46 10 Papua New Guinea 298 Alotau
71%
6-24.87152.35 70 Australia 294 Bundaberg
71%
8-16.92145.77 153 Australia 281 Cairns
71%
19-19.01-57.65 96 Brazil 352 Corumba
71%
12-9.08143.21 15 Papua New Guinea 324 Daru
71%
4-3.84-32.41 3 Brazil 370 Fernando de Noronha (Distrito Estadual)
71%
16-22.35-60.03 8 Paraguay 233 Filadelfia
71%
18-19.5718.12 24 Namibia 250 Grootfontein
71%
1026.488.47 6 Algeria 240 Illizi
71%
13-6.22-57.75 1 Brazil 287 Jacareacanga
71%
1550.55137.01 275 Russia 268 Komsomolsk-on-Amur
71%
14-3.1-60 2,075 Brazil 1,294 Manaus
71%
18-5.81-61.3 14 Brazil 268 Manicore
71%
2062.1465.39 52 Russia 229 Nyagan
71%
13-9.44147.18 283 Papua New Guinea 2,086 Port Moresby
71%
2357.1565.53 519 Russia 300 Tyumen
71%
1863.5753.68 102 Russia 257 Ukhta
71%
2160.1364.79 39 Russia 226 Uray
71%
10-12.62141.88 2 Australia 418 Weipa
71%
9-6.21155.54 40 Papua New Guinea 603 Arawa
70%
15-0.97-62.92 7 Brazil 329 Barcelos
70%
17-4.88-66.9 18 Brazil 296 Carauari
70%
17-4.09-63.14 50 Brazil 293 Coari
70%
90.04-51.07 338 Brazil 329 Macapa
70%
2254.9973.4 1,180 Russia 611 Omsk
70%
1952.2777 329 Kazakhstan 382 Pavlodar
70%
1361.2573.42 300 Russia 640 Surgut
70%
15-22.5617.08 268 Namibia 1,141 Windhoek
70%
1647.8588.13 139 China 426 Altay
69%
1360-111.89 2 Canada 234 Fort Smith
69%
1548.0191.64 30 Mongolia 262 Khovd
69%
14-6.12141.29 11 Papua New Guinea 261 Kiunga
69%
13-6.72146.98 76 Papua New Guinea 301 Lae
69%
11-2.02147.27 5 Papua New Guinea 390 Lorengau
69%
12-5.86144.23 33 Papua New Guinea 319 Mount Hagen
69%
1716.62-7.25 60 Mauritania 369 Nema
69%
15-17.7815.68 33 Namibia 394 Oshakati
69%
14-22.9614.51 52 Namibia 268 Walvis Bay
69%
12-3.55143.63 18 Papua New Guinea 263 Wewak
69%
7-32.12133.68 1 Australia 336 Ceduna
68%
7-29.01134.75 1 Australia 268 Coober Pedy
68%
16-8.7424.99 73 Democratic Republic of the Congo 224 Kamina
68%
10-2.57150.8 14 Papua New Guinea 255 Kavieng
68%
12-5.55150.14 18 Papua New Guinea 269 Kimbe
68%
10-4.35152.26 26 Papua New Guinea 417 Kokopo
68%
12-5.14119.43 1,780 Indonesia 775 Makassar
68%
8-30.56136.9 4 Australia 228 Roxby Downs
68%
1949.6363.5 5 Kazakhstan 230 Torghay
68%
946.95142.74 176 Russia 354 Yuzhno-Sakhalinsk
68%
1750.2566.92 42 Kazakhstan 281 Arkalyk
67%
2150.28127.54 221 Russia 234 Blagoveshchensk
67%
8-18.22127.67 1 Australia 294 Halls Creek
67%
22-2.9425.92 135 Democratic Republic of the Congo 328 Kindu
67%
9-8.5119.89 188 Indonesia 374 Labuhanbajo
67%
1248.97140.29 29 Russia 251 Sovetskaya Gavan'
67%
7-19.65134.19 3 Australia 449 Tennant Creek
67%
207.728 127 South Sudan 451 Wau
67%
962.46-114.35 15 Canada 659 Yellowknife
67%
174.3718.56 1,060 Central African Republic 783 Bangui
66%
1951.13133.01 14 Russia 259 Chegdomyn
66%
12-2.52-44.27 1,410 Brazil 483 São Luís
66%
716.2152.18 10 Yemen 223 Al Ghayzah
65%
1511.0320.28 28 Chad 294 Am Timan
65%
1910.2822.79 10 Central African Republic 286 Birao
65%
196.9919.19 56 Central African Republic 253 Kaga Bandoro
65%
1458.3182.91 27 Russia 224 Kolpashevo
65%
2055.4578.32 48 Russia 296 Kuybyshev
65%
1165.28-126.83 1 Canada 432 Norman Wells
65%
1655.0382.96 1,650 Russia 1,291 Novosibirsk
65%
189.1418.39 102 Chad 261 Sagh
65%
1041.7686.15 179 China 255 Sayibage
65%
1143.8187.58 3,625 China 1,692 Ürümqi
65%
1853.7291.43 167 Russia 271 Abakan
64%
1756.0192.87 1,090 Russia 634 Krasnoyarsk
64%
9-13.28-176.17 1 France 383 Mata-Utu
64%
1553.7687.11 539 Russia 226 Novokuznetsk
64%
8-14.29-178.17 - France 242 Sigave
64%
192.1922.47 95 Democratic Republic of the Congo 322 Bumba
63%
12-3.98122.52 195 Indonesia 365 Kendari
63%
10-12.19136.78 3 Australia 550 Nhulunbuy
63%
12-1.45-48.48 2,150 Brazil 1,129 Belém
62%
1218.6912.92 2 Niger 491 Bilma
62%
8-15.95-173.8 - Tonga 284 Hihifo
62%
1318.441.41 11 Mali 285 Kidal
62%
7-18.65-173.98 4 Tonga 303 Neiafu
62%
7-21.14-175.2 22 Tonga 744 Nuku'alofa
62%
1260.06-128.71 1 Canada 357 Watson Lake
62%
2-0.373.42 11 Maldives 494 Fuvahmulah
61%
942.8393.51 137 China 354 Hami
61%
1514.1215.31 18 Chad 223 Mao
61%
1865.1557.22 46 Russia 245 Pechora
61%
955.74-97.86 12 Canada 585 Thompson
61%
969.22-51.1 4 Denmark 275 Ilulissat
60%
15-5.53-47.49 218 Brazil 463 Imperatriz
60%
663.75-68.51 6 Canada 821 Iqaluit
60%
4-19.55169.27 1 Vanuatu 224 Isangel
60%
19-10.7122.22 18 Angola 231 Luau
60%
766.15-65.71 1 Canada 297 Pangnirtung
60%
1031.1397.18 86 China 440 Qamdo
60%
966.94-53.67 5 Denmark 320 Sisimiut
60%
14-3.7128.18 355 Indonesia 682 Ambon
59%
1458.2492.48 65 Russia 229 Lesosibirsk
59%
864.18-51.72 14 Denmark 1,437 Nuuk
59%
761.99-49.67 1 Denmark 240 Paamiut
59%
939.8198.29 122 China 367 Jiayuguan
58%
560.72-46.03 3 Denmark 484 Qaqortoq
58%
6-18.14178.44 77 Fiji 1,332 Suva
58%
869.6518.96 52 Norway 561 Tromso
58%
572.79-56.15 1 Denmark 274 Upernavik
58%
1565.4452.15 5 Russia 221 Ust-Tsilma
58%
968.9833.09 319 Russia 593 Murmansk
57%
14-1.24116.89 700 Indonesia 514 Balikpapan
56%
1217.1821.59 23 Chad 379 Fada
56%
1117.9319.1 13 Chad 276 Faya-Largeau
56%
1413.4522.45 162 Sudan 314 Geneina
56%
4-22.28166.46 93 France 1,457 Noumea
55%
5-8.54-172.52 - New Zealand 543 Atafu Village
54%
6-20.73139.5 22 Australia 665 Mount Isa
54%
1853.74127.26 26 Russia 227 Zeya
54%
3-16.659.66 - Mauritius 431 Cargados Carajos
53%
4-20.1657.5 155 Mauritius 880 Port Louis
53%
3-19.6863.42 6 Mauritius 596 Port Mathurin
53%
5-19.06-169.92 - New Zealand 430 Alofi
52%
7-13.83-171.77 40 Samoa 1,151 Apia
52%
1123.68-15.96 75 Morocco 474 Dakhla
52%
1263.1975.44 110 Russia 240 Noyabrsk
52%
141.48124.85 451 Indonesia 513 Manado
51%
967.6453 18 Russia 270 Nar'yan-Mar
51%
1757.85114.19 15 Russia 322 Bodaybo
50%
10-45.86-67.5 140 Argentina 656 Comodoro Rivadavia
50%
868.35-133.72 3 Canada 709 Inuvik
50%
0-4.6255.45 22 Seychelles 1,085 Victoria
50%
1422.72-12.45 38 Mauritania 374 Zouerat
50%
0-7.93-14.42 - United Kingdom 1,296 Georgetown
49%
670.22-150.98 3 United States 244 Nuiqsut
49%
571.29-156.79 4 United States 807 Barrow
48%
1850.42124.12 135 China 244 Jagdaqi
48%
115.84118.12 392 Malaysia 226 Sandakan
48%
4-10.72165.83 - Solomon Islands 396 Lata
47%
4-53.15-70.91 117 Chile 847 Punta Arenas
47%
3-51.7-57.85 2 United Kingdom 726 Stanley
47%
7-19.27146.81 196 Australia 1,087 Townsville
47%
3-54.8-68.3 58 Argentina 250 Ushuaia
47%
6-23.7133.88 25 Australia 1,284 Alice Springs
46%
1560.35102.28 3 Russia 254 Vanavara
46%
1556.46138.18 1 Russia 265 Ayan
45%
130.54123.06 144 Indonesia 224 Gorontalo
45%
95.97116.07 457 Malaysia 671 Kota Kinabalu
44%
1462.78148.15 7 Russia 314 Susuman
44%
1564.57143.24 9 Russia 682 Ust-Nera
44%
1454.72135.32 1 Russia 267 Chumikan
43%
1656.67124.64 66 Russia 664 Neryungri
43%
1059.36143.21 5 Russia 430 Okhotsk
43%
1458.61125.4 24 Russia 221 Aldan
42%
1465.93111.48 15 Russia 397 Aykhal
42%
1367.66134.64 4 Russia 502 Batagay
42%
1269.31139.98 3 Russia 285 Deputatsky
42%
5-15.52167.16 13 Vanuatu 274 Luganville
42%
1662.54113.96 40 Russia 787 Mirny
42%
1563.28118.33 9 Russia 237 Nyurba
42%
1560.37120.42 8 Russia 303 Olyokminsk
42%
1662.03129.73 235 Russia 1,353 Yakutsk
42%
1566.77123.37 3 Russia 321 Zhigansk
42%
7-8.1156.84 6 Solomon Islands 253 Gizo
41%
4-9.43159.95 56 Solomon Islands 1,402 Honiara
41%
5-10.45161.92 1 Solomon Islands 229 Kirakira
41%
4-17.73168.32 35 Vanuatu 539 Port Vila
41%
567.83-115.1 1 Canada 599 Kugluktuk
40%
13-0.89119.87 282 Indonesia 306 Palu
40%
123131.12 - Palau 373 Tobi Village
38%
1124.223.29 46 Libya 746 Al Jawf
37%
4-0.53166.91 2 Nauru 700 Arijejen
37%
1261.6896.38 3 Russia 231 Baykit
37%
65.92169.64 1 Marshall Islands 231 Jabor
37%
1-29.05167.97 - Australia 709 Kingston
37%
67.09171.38 25 Marshall Islands 661 Majuro
37%
1222.67-3.98 3 Mali 420 Taoudenni
37%
41.33172.98 40 Kiribati 1,871 Tarawa
37%
130.79127.38 101 Indonesia 255 Ternate
37%
59.45170.24 - Marshall Islands 284 Wotje
37%
8-45.58-72.07 45 Chile 357 Coihaique
36%
864.73177.51 10 Russia 1,492 Anadyr
35%
866.32-179.12 2 Russia 235 Egvekinot
35%
95.33132.22 - Palau 274 Sonsorol Village
35%
3-8.52179.19 4 Tuvalu 873 Funafuti
34%
87.34134.47 14 Palau 876 Koror State
34%
1159.56150.8 95 Russia 872 Magadan
34%
964.42-173.23 2 Russia 376 Provideniya
34%
966.0876.63 94 Russia 327 Novyy Urengoy
33%
859.08159.96 3 Russia 312 Palana
33%
927.192.46 49 Algeria 317 In Salah
32%
456.32160.85 10 Russia 382 Klyuchi
32%
84.41114.01 228 Malaysia 286 Miri
32%
353.04158.65 187 Russia 1,512 Petropavlovsk-Kamchatsky
32%
12-1.18136.08 4 Indonesia 225 Biak
31%
11-0.87134.08 53 Indonesia 314 Manokwari
31%
1253.15140.72 27 Russia 385 Nikolayevsk-on-Amur
31%
869.3588.2 140 Russia 1,082 Noril'sk
30%
11-0.88131.26 125 Indonesia 462 Sorong
30%
10-43.25-65.31 93 Argentina 338 Trelew
30%
871.98102.47 3 Russia 586 Khatanga
29%
15-4.22-69.94 29 Colombia 371 Leticia
29%
10-3.36135.5 43 Indonesia 317 Nabire
29%
1268.5112.45 2 Russia 231 Olenyok
29%
1262.52155.79 4 Russia 359 Omsukchan
29%
1367.46153.7 3 Russia 228 Srednekolymsk
29%
65.32163.01 9 Federated States of Micronesia 647 Tofol
29%
1264.28100.22 5 Russia 559 Tura
29%
1465.73150.89 3 Russia 355 Zyryanka
29%
473.5180.53 1 Russia 499 Dikson
28%
48.77167.74 15 Marshall Islands 442 Ebaye
28%
10-2.53140.72 134 Indonesia 1,046 Jayapura
28%
971.96114.09 1 Russia 390 Saskylakh
28%
570.47-68.59 1 Canada 496 Clyde River
27%
1022.795.52 73 Algeria 689 Tamanrasset
27%
1167.564.05 80 Russia 574 Vorkuta
26%
5-17.96122.24 12 Australia 462 Broome
25%
178.2215.65 2 Norway 860 Longyearbyen
25%
1453.73119.77 12 Russia 289 Mogocha
25%
4-20.31118.61 15 Australia 1,021 Port Hedland
25%
821.8417.43 1 Chad 446 Aozou
24%
1268.75161.33 3 Russia 223 Cherskiy
24%
39.77140.52 - Federated States of Micronesia 264 Fais
24%
5-23.36119.74 5 Australia 356 Newman
24%
137.73-25.67 20 Portugal 972 Ponta Delgada
24%
1068.05166.44 5 Russia 616 Bilibino
23%
969.7170.3 4 Russia 240 Pevek
23%
1368.54146.19 2 Russia 241 Belaya Gora
22%
1270.62147.9 2 Russia 336 Chokurdakh
22%
553.89-166.54 4 United States 820 Dutch Harbor
22%
0-37.07-12.31 - United Kingdom 2,429 Edinburgh of the Seven Seas
21%
3-22.45-151.34 1 France 553 Moerai
21%
3-16.51-151.75 4 France 256 Vaitape
21%
1461.28108.02 2 Russia 302 Yerbogachen
21%
39.52138.12 7 Federated States of Micronesia 467 Colonia
20%
2-17.55-149.6 29 France 2,409 Faaa
20%
612.6554.02 8 Yemen 333 Hadibu
20%
032.38-64.68 1 United Kingdom 1,083 Saint George's
20%
1071.69128.86 5 Russia 875 Tiksi
20%
1-25.07-130.1 - United Kingdom 539 Adamstown
19%
1-23.12-134.97 1 France 1,536 Rikitea
19%
0-15.94-5.72 - United Kingdom 1,917 Jamestown
18%
115.21145.75 48 United States 2,039 Saipan
18%
0-27.11-109.35 4 Chile 3,530 Hanga Roa
16%
262.82-92.08 2 Canada 853 Rankin Inlet
16%
268.63-95.88 1 Canada 670 Gjoa Haven
15%
26.96158.21 6 Federated States of Micronesia 561 Kolonia
15%
0-77.85166.68 1 United States 3,482 McMurdo Station
15%
17.45151.85 13 Federated States of Micronesia 1,016 Weno
15%
2-21.21-159.78 13 New Zealand 1,139 Avarua
14%
0-49.3570.22 - France 3,345 Port-aux-Francais
14%
0-54.28-36.51 - United Kingdom 1,455 Grytviken
13%
1-12.1696.82 - Australia 985 West Island
12%
0-0.74-90.31 8 Ecuador 1,054 Puerto Ayora
11%
13.91-159.39 - Kiribati 297 Napari Village
10%
12.02-157.49 1 Kiribati 1,895 Tabwakea Village
10%
0-9.8-139.03 1 France 1,401 Atuona
9%

Score Distribution

Percentile by Number Answered

Percent of People with Each Score

Your Score History

You have not taken this quiz